Top 5 European League Top Scorers: 2000/01 - Statistics

General Stats
  • This quiz has been taken 8 times
  • The average score is 14 of 27
Answer Stats
League Goals Club Nationality Players % Correct
Serie A 24 Milan Ukraine Andriy Shevchenko
100%
Serie A 20 Roma Argentina Gabriel Batistuta
100%
Serie A 26 Lazio Argentina Hernan Crespo
100%
Premier League 23 Chelsea Netherlands Jimmy Floyd Hasselbaink
100%
Premier League 16 Liverpool England Michael Owen
100%
La Liga 18 Barcelona Netherlands Patrick Kluivert
100%
La Liga 24 Real Madrid Spain Raul
100%
La Liga 23 Barcelona Brazil Rivaldo
100%
Premier League 17 Arsenal France Thierry Henry
100%
Serie A 18 Inter Italy Christian Vieri
86%
Premier League 17 Leeds Australia Mark Viduka
86%
Bundesliga 19 Werder Bremen Peru Claudio Pizarro
71%
Division 1 20 Bordeaux Portugal Pauleta
57%
La Liga 19 Coruna Spain Diego Tristan
43%
Bundesliga 15 Bayern Munich Brazil Giovane Elber
43%
Bundesliga 22 Schalke Denmark Ebbe Sand
29%
Bundesliga 15 Bayer Leverkusen Germany Oliver Neuville
29%
Division 1 22 Lyon Brazil Sonny Anderson
29%
Serie A 22 Fiorentina Italy Enrico Chiesa
14%
Premier League 19 Ipswich England Marcus Stewart
14%
Bundesliga 16 Hertha Berlin Germany Michael Preetz
14%
Division 1 16 Bastia France Frederic Nee
0%
Division 1 14 Metz France Gerald Baticle
0%
La Liga 22 Alaves Spain Javi Moreno
0%
Division 1 14 PSG France Laurent Robert
0%
Bundesliga 22 Hamburg Bosnia and Herzegovina Sergej Berbarez
0%
Division 1 15 Toulouse Colombia Victor Bonilla
0%
No matching quizzes found
Score Distribution
Percent of People with Each Score
Percentile by Number Answered
Your Score History
You have not taken this quiz